| 000 | 00461nam a2200181Ia 4500 | ||
|---|---|---|---|
| 008 | 230711s9999||||xx |||||||||||||| ||und|| | ||
| 020 | _a978-81-203-4007-7 | ||
| 041 | _aENG | ||
| 082 |
_a5.1 _bCO-A |
||
| 100 | _aCormen,Thomas H | ||
| 245 | 0 | _aIntroduction to algorithms | |
| 250 | _a3rd Ed. | ||
| 260 |
_c2009 _aNew Delhi _bPHI Learning Private Limited |
||
| 300 | _a1292 | ||
| 650 | _aComputer Engineering | ||
| 700 | _aLeiserson,Charless E | ||
| 942 | _cBK | ||
| 999 |
_c5122 _d5122 |
||